000 00662nam a2200277Ia 4500
005 20260324135640.0
008 008 260324s9999 xx 000 0 eng d
020 _a9780429222160
037 _aEBOOK
040 _aCRL
040 _beng
040 _cCRL
041 _2eng
041 _aeng
084 _qCRL
100 _aDalene Stangl; Donald A. Berry
_91201373
245 0 _aMeta-Analysis in Medicine and Health Policy
260 _bTaylor and Francis
260 _c2000
365 _a
365 _b275
856 _uhttp://www.taylorfrancis.com/books/9780429222160
942 _cEBOOK
999 _c1802696
_d1802696